01153pab a2200181 454500008004000000100002000040245006800060260000900128300001500137362000800152520058800160650002100748650002300769773004400792909001100836999001900847952010500866180718b2017 xxu||||| |||| 00| 0 eng d aRadin, Beryl A. aUSA and Indian federalisms: similarities and differences (Note) c2017 ap.685-689. aDec aFederal systems across the globe are full of contradictions. They are both individually unique and yet respond to similar objectives and expectations in a constantly changing environment. This dynamic is illustrated by developments in two large federal systemsラIndia and the USAラthat have tried to deal with dramatic differences within their population as they search for ways to make democratic principles come alive. While differences between the two systems are clear, examining both sets of players and pressures can prove to be useful to students of both settings. - Reprodu aFederalism - USA aFederalism - India aIndian Journal of Public Administration a116504 c116498d116498 00104070aIIPAbIIPAd2018-07-19hVolume no: 63, Issue no: 4pAR116964r2018-07-19w2018-07-19yAR